00636nam a2200157 a 450000100100000000500170001000800410002704000250006824501080009326000720020130000210027370000320029470000300032695201050035699900170046100003925220201002031549.0130618s2001 dr a 000 0 spa d aDO-SdBNPbspacBNPHU00aConozcamos nuestros derechos para defenderlos /cpresentación Desiree del Rosario, Georgina Tiburcio. aSanto Domingo :bCentro de Investigaciones Legales (CEDAIL),c2001. a148 p. ;c22 cm.1 aRosario, Desiree del9654561 aTiburcio, Georgina965457 0010718PDaPDbPDcCTd2013-06-18iLF1l0o p39252-10r2020-06-25w2020-06-25yLFPDZNo se presta c38742d38742